Estadísticas para Banderas Aleatorias

Haz click aquí para intentar la prueba.

Estadísticas generales

  • Esta prueba ha sido intentada 7.847 veces
  • La puntuación promedio es 13 de 20

Estadísticas de respuestas

Respuesta% Correcto
Las Olimpiadas
93%
Naciones Unidas
92%
Unión Europea
88%
Orgullo LGBT
86%
Unión Soviética
85%
Alemania
83%
Inglaterra
78%
Cruz Roja
77%
Escocia
77%
Estados Unidos
74%
Puerto Rico
74%
Japón
68%
Texas
58%
Hong Kong
55%
Presidente de los Estados Unidos
55%
OTAN
53%
California
48%
Francia
47%
Budismo
28%
Nuevo México
19%

Distribución de puntuación

Porcentaje por número respondido

Porcentaje de gente con cada puntuación

Historial de tus puntuaciones

No has intentado esta prueba.